00587cam a22001812 4500001001100000005001700011008004100028020002800069040001500097100003500112245006600147250001300213260004200226300001900268650003400287650005200321700003200373000000609520151217145829.0070913s xx 000 0 eng d a0072833718 :cKES 1,440 aKABUcKABU1 aCateora, Philip R.@000015132910aInternational marketing /cPhilip R. Cateora, John L. Graham. a12th ed. aNew Delhi :bTata McGraw-Hill,c2005. axxxiii, 697 p. 0aExport marketing.@0000151331 0aInternational business enterprises.@00001508691 aGraham, John L.@0000151332